The planning and execution of economic development : (Registro nro. 8717)

Detalles MARC
000 -LEADER
fixed length control field 00735nam a2200205Ia 4500
003 - CONTROL NUMBER IDENTIFIER
control field OSt
005 - DATE AND TIME OF LATEST TRANSACTION
control field 20211104144450.0
008 - FIXED-LENGTH DATA ELEMENTS--GENERAL INFORMATION
fixed length control field 210310t1963 eu fr 000 0deng d
040 ## - CATALOGING SOURCE
Original cataloging agency CO-JMCR
Transcribing agency CO-JMCR
041 0# - LANGUAGE CODE
Language code of text/sound track or separate title eng
082 04 - DEWEY DECIMAL CLASSIFICATION NUMBER
Classification number 338.9 /
Item number W176p
Edition number 23
100 1# - MAIN ENTRY--PERSONAL NAME
Personal name Walinsky, Louis J.,
9 (RLIN) 18080
Relator term autor
245 #4 - TITLE STATEMENT
Title The planning and execution of economic development :
Remainder of title a nontechnical guide for policy makers and administrators /
Statement of responsibility, etc. Louis J. Walinsky
260 ## - PUBLICATION, DISTRIBUTION, ETC.
Place of publication, distribution, etc. New York :
Name of publisher, distributor, etc. McGraw-Hill,
Date of publication, distribution, etc. ©1963
300 ## - PHYSICAL DESCRIPTION
Extent xiii, 248 páginas :
Other physical details 23 cm.
500 ## - GENERAL NOTE
General note Incluye datos biográficos del autor.
505 0# - FORMATTED CONTENTS NOTE
Formatted contents note Planning -- Execution -- Some practical approaches
650 14 - SUBJECT ADDED ENTRY--TOPICAL TERM
Topical term or geographic name entry element Desarrollo económico
9 (RLIN) 18082
General subdivision Guía
942 ## - ADDED ENTRY ELEMENTS (KOHA)
Source of classification or shelving scheme Dewey Decimal Classification
Koha item type Books
Existencias
Withdrawn status Lost status Source of classification or shelving scheme Damaged status Not for loan Collection code Home library Current library Date acquired Source of acquisition Full call number Barcode Date last seen Copy number Koha item type
    Dewey Decimal Classification     Non-fiction Biblioteca Pública José María del Castillo y Rada Biblioteca Pública José María del Castillo y Rada 04/15/2018 Donación 338.9 / W176p 430005984 05/16/2024 Ej.1 Books